| 000 | 01110aam a2200313 i 4500 | ||
|---|---|---|---|
| 001 | 768714001 | ||
| 003 | CO-MdFUSB | ||
| 005 | 20260122165553.0 | ||
| 007 | ta | ||
| 008 | 160527t1990 sp f |||| 00| 0 sp d | ||
| 020 | _a84-7645-065-6 | ||
| 040 |
_aCO-MdFUSB _bEspañol _cCO-MdFUSB _dCO-MdFUSB |
||
| 041 | 0 | _aspa | |
| 082 | 0 | 4 |
_223 _a220.4 _bB937d |
| 100 | 1 |
_aBullinger, Ethelbert W. (William) (1837-1913) _eautor |
|
| 245 | 0 | 0 |
_aDiccionario de figuras de dicción usadas en la Biblia _c/ Ethelbert W. Bullinger ; traducido por Francisco Lacueva |
| 264 | 1 |
_aBarcelona, España : _b: CLIE, _c[1990] |
|
| 264 | 4 | _c©1990 | |
| 300 |
_a861 páginas _c23 cm |
||
| 336 |
_2rdacontent _atexto _btxt |
||
| 337 |
_2rdamedia _asin mediación _bn |
||
| 338 |
_2rdacarrier _avolumen _bnc |
||
| 505 | _aFiguras que implican omisión. -- Figuras que implican adición. -- Figuras que implican cambio. | ||
| 563 | _aPasta dura | ||
| 653 |
_aBiblia _a-- Lenguaje y estilo _a-- Figuras literarias _a-- Biblia _a-- Diccionarios |
||
| 700 |
_aLacueva, Francisco, _96411 _etraductor |
||
| 942 | _cBK | ||
| 945 | _aJTF-925 | ||
| 999 |
_c31626 _d31626 |
||